00644nam a22001937a 450000500170000001000150001702000260003203500130005803700130007108200080008424500740009226000320016627000780019830000230027649000720029950000400037170000190041170000200043020170208111557.0 aENG-113586 a9780415711067c995.00 aEN-97118 bDBAD/PUB a390 aExploring the senses / cedited by Axel Michaels [and] Christoph Wulf aNew DelhibRoutledge c2014 a912 Tolstoy House, 15-17 Tolstoy Marg, Connaught PlacebNew Delhie110001 avi,342p.c24cm(Hb) aSouth Asian and European perspectives on rituals and performativity aIncludes bibliographical references aMichaels, Axel aWulf, Christoph